书目信息 |
| 题名: |
城市总体规划经典案例
|
|
| 作者: | 法利 , 格伦 著 ;张新 , 郑春伶 译 | |
| 分册: | ||
| 出版信息: | 北京 电子工业出版社 2016.7 |
|
| 页数: | 287页 | |
| 开本: | 28cm | |
| 丛书名: | ||
| 单 册: | ||
| 中图分类: | TU984.11 | |
| 科图分类: | ||
| 主题词: | 城市规划--总体规划--案例 | |
| 电子资源: | ||
| ISBN: | 978-7-121-29304-7 | |
| 000 | 01285nam0 2200301 450 | |
| 001 | 0400004927 | |
| 005 | 20171025142704.0 | |
| 010 | @a978-7-121-29304-7@dCNY138.00 | |
| 100 | @a20160907d2016 em y0chiy50 ea | |
| 101 | 1 | @achi@ceng |
| 102 | @aCN@b110000 | |
| 105 | @aa z 001yy | |
| 106 | @ar | |
| 200 | 1 | @a城市总体规划经典案例@9cheng shi zong ti gui hua jing dian an li@f(法)Eric Firley,(德)Katharina Gron著@g张新,郑春伶译 |
| 210 | @a北京@c电子工业出版社@d2016.7 | |
| 215 | @a287页@c图@d28cm | |
| 305 | @aJohn Wiley & Sons Ltd授权出版 | |
| 312 | @a封底英文题名:The urban masterplanning handbook | |
| 330 | @a本书的着眼点在于影响城市形态的过程和结构,强调了公共和私人土地所有权、管理和投资对塑造一个特定项目的显著影响。作者通过原始图表、比例图以及描述性文字,细致地分析了本书中20个独具特色的总体规划项目,此外还补充有主要数据和彩色照片。案例研究以项目规模而不是日期和地理位置进行排序。 | |
| 510 | 1 | @aUrban masterplanning handbook@zeng |
| 606 | 0 | @a城市规划@x总体规划@x案例 |
| 690 | @aTU984.11@v5 | |
| 701 | 0 | @c(法)@a法利@9fa li@c(Firley, Eric)@4著 |
| 701 | 0 | @c(德)@a格伦@9ge lun@c(Gron, Katharina)@4著 |
| 702 | 0 | @a张新@9zhang xin@4译 |
| 702 | 0 | @a郑春伶@9zheng chun ling@4译 |
| 801 | 0 | @aCN@b91MARC@c20171025 |
| 905 | @b1039933-6@dTU984.11@f4@e1358 | |
| 城市总体规划经典案例/(法)Eric Firley,(德)Katharina Gron著/张新,郑春伶译.-北京:电子工业出版社,2016.7 |
| 287页:图;28cm |
| ISBN 978-7-121-29304-7:CNY138.00 |
| 本书的着眼点在于影响城市形态的过程和结构,强调了公共和私人土地所有权、管理和投资对塑造一个特定项目的显著影响。作者通过原始图表、比例图以及描述性文字,细致地分析了本书中20个独具特色的总体规划项目,此外还补充有主要数据和彩色照片。案例研究以项目规模而不是日期和地理位置进行排序。 |
| ● |
| 相关链接 |
|
|
|
|
正题名:城市总体规划经典案例
索取号:TU984.11/1358
 
预约/预借
| 序号 | 登录号 | 条形码 | 馆藏地/架位号 | 状态 | 备注 |
| 1 | 1039933 | 210399335 | 第二样本阅览室/ [索取号:TU984.11/1358] | 在馆 | |
| 2 | 1039934 | 210399344 | 密集书库-生命科学系/ [索取号:TU984.11/1358] | 在馆 | |
| 3 | 1039935 | 210399353 | 第三借阅区/ [索取号:TU984.11/1358] | 在馆 | |
| 4 | 1039936 | 210399362 | 第三借阅区/ [索取号:TU984.11/1358] | 在馆 |